A funeral discourse for the Reverend, pious, and learned Johannes Theodorus Wilhelmus Maas : Minister of the Reformed Dutch Church, of St. Croix: who departed this life, in the twenty-second year of his age, July 23, 1773. /

Bibliographic Details
Main Author: Knox, Hugh, approximately 1727-1790
Format: eBook
Language:English
Series:Early American imprints. Evans (1639-1800) ; no. 14138.
Subjects:
Online Access:Evans Digital Edition

MARC

Tag First Indicator Second Indicator Subfields
LEADER 00000cam a2200000 a 4500
001 in00002135708
006 m e d #
007 cr mn mmmmabba
008 820726s1775 nyu s 000 0 eng d
005 20260331162321.6
035 |z w027328 
035 |a MAAR8207261802B 
035 |9 mwa91-17099 
035 |a 320516 
035 |a aas03027328 
040 |a MWA  |c MWA  |e bdrb  |d UtOrBLW 
100 1 |a Knox, Hugh,  |d approximately 1727-1790. 
245 1 2 |a A funeral discourse for the Reverend, pious, and learned Johannes Theodorus Wilhelmus Maas :  |b Minister of the Reformed Dutch Church, of St. Croix: who departed this life, in the twenty-second year of his age, July 23, 1773. /  |c By Hugh Knox, D.D. Pastor of the English Presbyterian Church of that island. ; [Seven lines from Propertius]. 
264 3 |a New-York :  |b Printed by Shober and Loudon, at the newest printing-office,  |c M.DCC.LXXV. [1775] 
300 |a 30 pages ;  |c 19 cm. (octavo) 
336 |a text  |b txt  |2 rdacontent 
337 |a computer  |b c  |2 rdamedia 
338 |a online resource  |b cr  |2 rdacarrier 
510 4 |a Evans  |c 14138 
530 |a Microform version available in the Readex Early American Imprints series. 
533 |a Electronic text and image data.  |b [Chester, Vt. :  |c Readex, a division of Newsbank, Inc.,  |d 2002-2004.  |e Includes files in TIFF, GIF and PDF formats with inclusion of keyword searchable text.  |f (Early American imprints. First series ; no. 14138). 
500 |a Electronic resource. 
600 1 0 |a Maas, Johannes Theodorus Wilhelmus,  |d 1751?-1773. 
655 7 |a Funeral sermons  |y 1775.  |2 rbgenr 
752 |a United States  |b New York  |d New York. 
830 0 |a Early American imprints.  |n Series I,  |p Evans (1639-1800) ;  |v no. 14138. 
856 4 1 |u http://proxy.library.tamu.edu/login?url=https://opac.newsbank.com/select/evans/14138  |y Evans Digital Edition  |t 0 
999 |a MARS 
999 f f |s c1c8d81b-70f1-3d8d-b756-4cecdb0bacf4  |i c783a7cd-5f46-3f7c-b421-3d374a8ff364  |t 0 
952 f f |a Texas A&M University  |b College Station  |c Electronic Resources  |s www_evans  |d Available Online  |t 0  |h No information provided 
998 f f |t 0  |l Available Online